000 00348 a2200169 4500
001 186147
020 _a85-08-044095-X
040 _cMagnum
100 _aMarques, Amadeu
240 1 0 _aMore than words
_lING
245 1 0 _aMore than words
300 _a32
362 0 _a1993
440 1 _aÁtica
697 _aLITERATURA INGLESA
942 _cBK
999 _c186147
_d186147